| 000 | 00460nam a2200193 a 4500 | ||
|---|---|---|---|
| 001 | 1758522272819 | ||
| 003 | ACL | ||
| 005 | 20250922115631.0 | ||
| 008 | 250922s2005##################000#0#eng## | ||
| 020 | _a9780743478595 | ||
| 082 | 0 | 4 |
_a796 _bSEY |
| 100 | 1 |
_aSeymour, Miranda, _eauthor. |
|
| 245 | 1 | 0 | _aThe Bugatti Queen : |
| 260 | _c2005. | ||
| 300 | _a301 pages | ||
| 650 | 0 | _aAutomobile racing drivers. | |
| 942 | _cENGLISH | ||
| 040 |
_aACL _beng _cACL |
||
| 999 |
_c588760 _d588760 |
||